Mentzendorff, Arne. Baltische Lebenswege. - Norderstedt : Books on Demand. - 2007 [Rezension]

Titel: Mentzendorff, Arne. Baltische Lebenswege. - Norderstedt : Books on Demand. - 2007 [Rezension]
Verfasser:
In: Jahrbuch des baltischen Deutschtums, Band 56 (2008), Seite 239-240
alle Artikel anzeigen
Veröffentlicht: 2008 [2009]
Format: Aufsatz
Sprache: Deutsch
Kein Bild verfügbar
X
alg: 39500905
001A    $01999:12-11-16 
001B    $01999:04-08-21 $t21:01:58.000 
001D    $01999:12-11-16 
001U    $0utf8 
001X    $00 
002@    $0Aox 
003@    $0395009057 
007A    $0395009057 $aHEB 
007T    $0Herdc0071229m 
010@    $ager 
011@    $a2008 $n2008 [2009] 
021A    $aMentzendorff, Arne. Baltische Lebenswege. - Norderstedt : Books on Demand. -  2007 [Rezension] 
028A    $aAuer $dFrank von 
031A    $d56 $h239-240 $j2008 
039B    $aIn $8--Abvc--. Jahrbuch des baltischen Deutschtums. - Lüneburg : Carl-Schirren-Ges., 1927-2012. - ISSN 0075-2436 $x200800000560000761 $9047351179 
039T    $8--Aau--Mentzendorff, Arne [Tp3]. Baltische Lebenswege. - Norderstedt : Books on Demand, 2007. - 118 S.. - ISBN 978-3-8334-8255-7 $9193944316 
045F    $a900.94798 $eDDC23BSB 
045F/01 $a900 
045F/03 $g4798 
045F/03 $g4796 
045T    $a7,41 $a7,44 
045T    $aGER $qDE-30 $2FID 

lok: 39500905 78

exp: 39500905 78 1 #EPN
201B/01 $018-11-16 $t13:25:13.000 
201U/01 $0utf8 
203@/01 $0791307670 
208@/01 $a12-11-16 $be 
209A/01 $a/ $f000 $x00 
220C/01 $aTitelaufnehmer: kk 
220C/01 $aHerkunft: HI Marburg 
244Z/01 $2Trx $#Estija $#Igaunija $#Estland $#Estonia $#Estonia $#Estónsko $#Estonsko $8--Trx--Eesti $x01 $9391237225 
244Z/01 $2Trx $#Latvija $#Lettland $#Łotwa $#Lotyšsko $8--Trx--Latvija $x02 $9391275879 
244Z/01 $2Trx $#arvustused $#recenzijos $#Reviews $#recenziók $#recenzje $#recenzie $#recenze $8--Trx--Rezensionen $x03 $9391357441 
247C/01 $82080>Marburg/Lahn, Herder-Institut, Forschungsbibliothek, Bibliographieportal $9336309341
LEADER 00000caa a22000002c 4500
001 395009057
003 DE-603
005 20210804210158.0
007 tu
008 161112s2008 xx |||| | u00||u|ger c
035 |a (DE-599)HEB395009057 
040 |a DE-603  |b ger  |c DE-603  |d DE-603 
041 |a ger 
082 0 4 |8 1\u  |a 900.94798  |q DE-101  |2 23/BSB 
084 |a 7,41  |a 7,44  |2 ssgn 
084 |a GER  |q DE-30  |2 fid 
085 |8 1\u  |b 900 
085 |8 1\u  |z 2  |s 4798 
085 |8 1\u  |z 2  |s 4796 
100 1 |a Auer, Frank von 
245 0 0 |a Mentzendorff, Arne. Baltische Lebenswege. - Norderstedt : Books on Demand. - 2007 [Rezension] 
264 0 |c 2008 [2009] 
773 0 8 |i In  |t Jahrbuch des baltischen Deutschtums  |d Lüneburg : Carl-Schirren-Ges., 1927-2012  |x 0075-2436  |g Band 56 (2008), Seite 239-240  |w (DE-603)047351179  |w (DE-600)217235-5 
787 0 8 |i Rezension von  |a Mentzendorff, Arne  |t Baltische Lebenswege  |d Norderstedt : Books on Demand, 2007  |h 118 S.  |z 9783833482557  |w (DE-603)193944316 
924 0 |9 2080  |a (DE-603)791307670  |b DE-2080  |c HES  |d d  |g /